000 00421nam a2200169Ia 4500
008 180921t2014 xxu||||| |||| 00| 1 sin d
041 _asin
080 _aX8C31
_bJAY
100 _aJayalath, Chandana
245 _aදූපත් වැසියෝ
246 _aDoopath Wasiyo
260 _bGodage
_aColombo
_c2014
300 _a168p, 21cm
942 _cBK
999 _c7502
_d7502
003 LK-CoDNM
040 _aLK-CoDNM
_dLK-CoDNM
_eLK-CoDNM